Nutrition handbook for nursing practice / (Record no. 18490)

000 -LEADER
fixed length control field 00656nam a2200241 a 4500
020 ## - INTERNATIONAL STANDARD BOOK NUMBER
ISBN 0397545525 (pbk.)
040 ## - CATALOGING SOURCE
Transcribing agency DLC
082 ## - DEWEY DECIMAL CLASSIFICATION NUMBER
Classification number 641 LIP 1987 C146 Or.
100 10 - MAIN ENTRY--AUTHOR NAME
Personal name Dudek, Susan G
245 10 - TITLE STATEMENT
Title Nutrition handbook for nursing practice /
260 0# - PUBLICATION, DISTRIBUTION, ETC. (IMPRINT)
Place of publication Philadelphia :
Name of publisher Lippincott,
Year of publication c1987
300 ## - PHYSICAL DESCRIPTION
Number of Pages 610 p. :
Other physical details ill. ;
Dimensions 24 cm
650 #0 - SUBJECT ADDED ENTRY--TOPICAL TERM
Topical Term Diet therapy
650 #0 - SUBJECT ADDED ENTRY--TOPICAL TERM
Topical Term Nutrition
650 #0 - SUBJECT ADDED ENTRY--TOPICAL TERM
Topical Term Nursing
650 #2 - SUBJECT ADDED ENTRY--TOPICAL TERM
Topical Term Diet Therapy
650 #2 - SUBJECT ADDED ENTRY--TOPICAL TERM
Topical Term Diet Therapy
650 #2 - SUBJECT ADDED ENTRY--TOPICAL TERM
Topical Term Health Promotion
650 #2 - SUBJECT ADDED ENTRY--TOPICAL TERM
Topical Term Health Promotion
650 #2 - SUBJECT ADDED ENTRY--TOPICAL TERM
Topical Term Nutritional Physiological Phenomena
650 #2 - SUBJECT ADDED ENTRY--TOPICAL TERM
Topical Term Nutritional Physiological Phenomena
942 ## - ADDED ENTRY ELEMENTS (KOHA)
Koha item type ADB
952 ## - LOCATION AND ITEM INFORMATION (KOHA)
Withdrawn status [LOCAL, KOHA] 0
Holdings
Source of acquisition Permanent Location Date acquired Koha item type Lost status Shelving location Current Location Full call number
A38807Library Block C2019-12-11សៀវភៅភាសាអង់គ្លេស C146Library Block C641 LIP 1987 C146 Or.
មជ្ឈមណ្ឌលឯការនៃសាកលវិទ្យាល័យភូមិន្ទកសិកម្មចំការដូង

Powered by Koha